[Event "Steinfurt Bezirksliga 1415"]
[Site "Germany"]
[Date "2014.09.27"]
[Round "2.8"]
[White "Puke, Carolin"]
[Black "Thomann, Henning"]
[Result "1-0"]
[WhiteElo "1528"]
[BlackElo "960"]
[PlyCount "47"]
[EventDate "2014.09.06"]
[EventType "team-tourn"]
[EventRounds "9"]
[EventCountry "GER"]
[SourceTitle "EXT 2016"]
[Source "ChessBase"]
[SourceDate "2015.10.08"]
[SourceVersion "1"]
[SourceVersionDate "2015.10.08"]
[SourceQuality "1"]
[WhiteTeam "Steinfurt II"]
[BlackTeam "Neuenkirchen II"]
[WhiteTeamCountry "GER"]
[BlackTeamCountry "GER"]

1. e4 e5 2. Nf3 Nc6 3. Bc4 Bc5 4. 0-0 Nf6 5. d3 0-0 6. Bg5 h6 7. Bh4 d6 8. Nbd2 Bg4 9. c3 Na5 10. Bb3 Nxb3 11. Qxb3 Rb8 12. a4 d5 13. exd5 Qxd5 14. Bxf6 Qxb3 15. Nxb3 Bxf3 16. Nxc5 Be2 17. Rfe1 Bxd3 18. Bxe5 Rfe8 19. Nxd3 Rbd8 20. Nb4 c5 21. Nc2 Re6 22. Bg3 Rde8 23. Rxe6 Rxe6 24. Re1 1-0

[Event "Steinfurt Bezirksliga 1314"]
[Site "Germany"]
[Date "2014.05.17"]
[Round "9.7"]
[White "Thiele, Simon"]
[Black "Puke, Carolin"]
[Result "0-1"]
[WhiteElo "1007"]
[BlackElo "1542"]
[PlyCount "58"]
[EventDate "2013.09.14"]
[EventType "team-tourn"]
[EventRounds "9"]
[EventCountry "GER"]
[SourceTitle "EXT 2015"]
[Source "ChessBase"]
[SourceDate "2014.11.20"]
[SourceVersion "1"]
[SourceVersionDate "2014.11.20"]
[SourceQuality "1"]
[WhiteTeam "Emsdetten Turm III"]
[BlackTeam "Steinfurt II"]
[WhiteTeamCountry "GER"]
[BlackTeamCountry "GER"]

1. e4 e5 2. Nf3 d6 3. Nc3 Nf6 4. Bc4 Be7 5. d3 a6 6. Bg5 Nc6 7. h3 b5 8. Bb3 Nd4 9. Nxd4 exd4 10. Nd5 Nxd5 11. Bxd5 Rb8 12. Qf3 0-0 13. Bf4 Rb6 14. e5 dxe5 15. Bxe5 Bf6 16. Bf4 Qe7+ 17. Be4 Qb4+ 18. Ke2 Qxb2 19. Rhc1 Re8 20. Bxc7 Rc6 21. Qf4 Rxc2+ 22. Rxc2 Qxc2+ 23. Kf3 Qc5 24. Bd6 Qh5+ 25. Kg3 Be5 26. Bxe5 Qxe5 27. Rc1 Qe6 28. Bf5 Qxf5 29. Qb8 Qg5+ 0-1

[Event "Muensterland Verbandsliga 1314"]
[Site "Germany"]
[Date "2014.05.03"]
[Round "9.8"]
[White "Braegelmann, Tobias"]
[Black "Puke, Carolin"]
[Result "1-0"]
[WhiteElo "1402"]
[BlackElo "1562"]
[PlyCount "53"]
[EventDate "2013.09.07"]
[EventType "team-tourn"]
[EventRounds "9"]
[EventCountry "GER"]
[SourceTitle "EXT 2015"]
[Source "ChessBase"]
[SourceDate "2014.11.20"]
[SourceVersion "1"]
[SourceVersionDate "2014.11.20"]
[SourceQuality "1"]
[WhiteTeam "Ochtrup"]
[BlackTeam "Steinfurt"]
[WhiteTeamCountry "GER"]
[BlackTeamCountry "GER"]

1. d4 d5 2. c4 e6 3. Nc3 Nf6 4. Nf3 Be7 5. Bg5 0-0 6. e3 Nbd7 7. Bd3 dxc4 8. Bxc4 c5 9. 0-0 cxd4 10. Nxd4 Qc7 11. Bd3 a6 12. Rc1 Qb6 13. Qb3 Qa7 14. Qc2 h6 15. Bh4 b5 16. Nc6 Qc5 17. Nxe7+ Qxe7 18. Ne4 g5 19. Bg3 Nd5 20. Bd6 Qd8 21. Bxf8 Nxf8 22. a3 Nd7 23. Nd6 Ne7 24. Be4 Rb8 25. Nxc8 Rxc8 26. Qd2 Qf8 27. Qxd7 1-0

[Event "Steinfurt Bezirksliga 1314"]
[Site "Germany"]
[Date "2014.04.26"]
[Round "8.7"]
[White "Puke, Carolin"]
[Black "Merschkoetter, Peter"]
[Result "1/2-1/2"]
[WhiteElo "1542"]
[BlackElo "1618"]
[PlyCount "88"]
[EventDate "2013.09.14"]
[EventType "team-tourn"]
[EventRounds "9"]
[EventCountry "GER"]
[SourceTitle "EXT 2015"]
[Source "ChessBase"]
[SourceDate "2014.11.20"]
[SourceVersion "1"]
[SourceVersionDate "2014.11.20"]
[SourceQuality "1"]
[WhiteTeam "Steinfurt II"]
[BlackTeam "Reckenfeld"]
[WhiteTeamCountry "GER"]
[BlackTeamCountry "GER"]

1. e4 e5 2. Nf3 Nf6 3. d3 d6 4. Be2 Be7 5. 0-0 0-0 6. c3 c5 7. Nbd2 Nc6 8. Nc4 b5 9. Ne3 d5 10. exd5 Nxd5 11. Nxd5 Qxd5 12. Qc2 Bb7 13. Ne1 Qd7 14. Bf3 Rad8 15. Be3 a6 16. a3 b4 17. axb4 cxb4 18. c4 f5 19. Rd1 Nd4 20. Bxd4 exd4 21. Bxb7 Qxb7 22. b3 Bc5 23. Qd2 Rfe8 24. Nf3 Re7 25. Rde1 Rde8 26. Rxe7 Rxe7 27. Qf4 Qd7 28. Re1 g6 29. Rxe7 Qxe7 30. Qe5 Qxe5 31. Nxe5 a5 32. Nf3 Kg7 33. Kf1 Kf6 34. Ke2 g5 35. h3 h5 36. Nd2 g4 37. hxg4 hxg4 38. f3 Kg5 39. g3 gxf3+ 40. Kxf3 Bd6 41. Nf1 Bc5 42. Nd2 Bd6 43. Nf1 Bc5 44. Nd2 Bd6 1/2-1/2

[Event "Steinfurt Bezirksliga 1213"]
[Site "Germany"]
[Date "2013.05.04"]
[Round "9.7"]
[White "Roewekamp, Helmut"]
[Black "Puke, Carolin"]
[Result "1-0"]
[WhiteElo "1623"]
[BlackElo "1560"]
[PlyCount "89"]
[EventDate "2012.09.22"]
[EventType "team-tourn"]
[EventRounds "9"]
[EventCountry "GER"]
[SourceTitle "EXT 2015"]
[Source "ChessBase"]
[SourceDate "2014.11.20"]
[SourceVersion "1"]
[SourceVersionDate "2014.11.20"]
[SourceQuality "1"]
[WhiteTeam "Reckenfeld"]
[BlackTeam "Steinfurt II"]
[WhiteTeamCountry "GER"]
[BlackTeamCountry "GER"]

1. e4 e5 2. Nf3 d6 3. Bc4 Be7 4. c3 Nf6 5. d3 0-0 6. Nbd2 Nc6 7. Nf1 Bg4 8. Ng3 a6 9. Bb3 Qc8 10. h3 Bxf3 11. Qxf3 Na5 12. Bc2 Nd7 13. Nf5 Bf6 14. Qg3 g6 15. Bh6 Re8 16. Be3 Nc6 17. Bb3 Nd8 18. Bg5 Bxg5 19. Qxg5 Ne6 20. Bxe6 Rxe6 21. Ne7+ Rxe7 22. Qxe7 Nc5 23. Rd1 b5 24. 0-0 Qb7 25. f4 Rf8 26. fxe5 dxe5 27. Qxe5 Nd7 28. Qe7 Qc6 29. Rf3 Qe6 30. Qxe6 fxe6 31. Rxf8+ Kxf8 32. Kf2 Ke7 33. Ke3 e5 34. b3 a5 35. a3 c5 36. Ra1 Kd6 37. b4 a4 38. Rc1 h6 39. Rf1 Ke6 40. d4 cxb4 41. d5+ Ke7 42. cxb4 Nb6 43. Rc1 Nc4+ 44. Rxc4 bxc4 45. Kd2 1-0

[Event "BL2 West 1213 (Women)"]
[Site "Germany"]
[Date "2013.03.10"]
[Round "7.4"]
[White "Puke, Carolin"]
[Black "Franzenburg, Maria"]
[Result "1-0"]
[WhiteElo "1813"]
[BlackElo "1913"]
[PlyCount "93"]
[EventDate "2012.10.06"]
[EventType "team-tourn"]
[EventRounds "7"]
[EventCountry "GER"]
[SourceTitle "EXT 2018"]
[Source "ChessBase"]
[SourceDate "2017.10.13"]
[SourceVersion "1"]
[SourceVersionDate "2017.10.13"]
[SourceQuality "1"]
[WhiteTeam "Steinfurt (W)"]
[BlackTeam "Kiel Doppelbauer (W)"]
[WhiteTeamCountry "GER"]
[BlackTeamCountry "GER"]

1. e4 e6 2. d4 d5 3. exd5 exd5 4. Nf3 Nf6 5. Bd3 c5 6. dxc5 Bxc5 7. 0-0 0-0 8. Bg5 Be6 9. Nbd2 Nbd7 10. Nb3 Bb6 11. Nfd4 Ne5 12. Bf5 Bxf5 13. Nxf5 Neg4 14. Qf3 Qc7 15. Qg3 Qxg3 16. Nxg3 Ne4 17. Nxe4 dxe4 18. Rae1 Bxf2+ 19. Rxf2 Nxf2 20. Kxf2 f5 21. c3 h6 22. Be7 Rf7 23. Bc5 g5 24. Kg1 b6 25. Bd4 Re8 26. Nd2 Rc7 27. h4 g4 28. Be3 h5 29. Nf1 Kf7 30. Ng3 Kg6 31. Ne2 Rh7 32. Rd1 Rf8 33. Bg5 Rff7 34. Nf4+ Kg7 35. Ne6+ Kg6 36. Rd6 b5 37. Nd8+ Kg7 38. Nxf7 Kxf7 39. Rd7+ Kg6 40. Rxh7 Kxh7 41. g3 Kg6 42. Kf2 Kf7 43. Ke3 Ke6 44. Kd4 Kd6 45. Bf4+ Ke6 46. Kc5 a6 47. b3 1-0

[Event "Steinfurt Bezirksliga 1213"]
[Site "Germany"]
[Date "2013.02.02"]
[Round "6.7"]
[White "Puke, Carolin"]
[Black "Steens, Rudolf"]
[Result "0-1"]
[WhiteElo "1560"]
[BlackElo "1740"]
[PlyCount "116"]
[EventDate "2012.09.22"]
[EventType "team-tourn"]
[EventRounds "9"]
[EventCountry "GER"]
[SourceTitle "EXT 2015"]
[Source "ChessBase"]
[SourceDate "2014.11.20"]
[SourceVersion "1"]
[SourceVersionDate "2014.11.20"]
[SourceQuality "1"]
[WhiteTeam "Steinfurt II"]
[BlackTeam "Nordwalde"]
[WhiteTeamCountry "GER"]
[BlackTeamCountry "GER"]

1. e4 e6 2. d4 d5 3. exd5 exd5 4. Nf3 Bd6 5. Bd3 Ne7 6. 0-0 Nbc6 7. c3 Bg4 8. Be3 Qd7 9. Nbd2 0-0-0 10. b4 Rde8 11. a4 Ng6 12. Qb3 f5 13. b5 Na5 14. Qc2 f4 15. h3 Be6 16. Ng5 Ne7 17. Nxe6 Qxe6 18. Rfe1 fxe3 19. Rxe3 Qh6 20. Rae1 Kd8 21. Nf3 Nc4 22. Re6 g6 23. Qe2 Rhf8 24. Bxc4 dxc4 25. Ne5 Bxe5 26. Qxe5 Rf7 27. d5 Qf4 28. Qe2 Kd7 29. Re4 Qf6 30. Rxc4 Ref8 31. Qe6+ Kd8 32. f3 Qxe6 33. dxe6 Rf4 34. Rd1+ Kc8 35. Rxf4 Rxf4 36. Rd7 Nf5 37. Rxh7 Kd8 38. Rd7+ Kc8 39. Rh7 Kd8 40. Rd7+ Kc8 41. Rf7 Kd8 42. g4 Rxf3 43. gxf5 gxf5 44. h4 Rxc3 45. Rxf5 Ke7 46. Re5 Rc4 47. h5 Rxa4 48. Kf2 Rg4 49. Kf3 Rg1 50. Kf2 Rg8 51. Kf3 Kd6 52. Kf4 Rf8+ 53. Ke4 Rf1 54. Rf5 Re1+ 55. Kf4 Kxe6 56. Rg5 Rh1 57. Rg6+ Kf7 58. Kg5 Rg1+ 0-1

[Event "Steinfurt Bezirksliga 1213"]
[Site "Germany"]
[Date "2012.11.24"]
[Round "3.7"]
[White "Puke, Carolin"]
[Black "Gildehaus, Simon"]
[Result "0-1"]
[WhiteElo "1560"]
[BlackElo "1619"]
[PlyCount "94"]
[EventDate "2012.09.22"]
[EventType "team-tourn"]
[EventRounds "9"]
[EventCountry "GER"]
[SourceTitle "EXT 2015"]
[Source "ChessBase"]
[SourceDate "2014.11.20"]
[SourceVersion "1"]
[SourceVersionDate "2014.11.20"]
[SourceQuality "1"]
[WhiteTeam "Steinfurt II"]
[BlackTeam "Saerbeck II"]
[WhiteTeamCountry "GER"]
[BlackTeamCountry "GER"]

1. e4 c5 2. Nf3 Nc6 3. d4 cxd4 4. Nxd4 Nf6 5. Nc3 e5 6. Nxc6 bxc6 7. a3 h6 8. Bc4 Bc5 9. Bd3 0-0 10. 0-0 d5 11. Qf3 d4 12. Na4 Bd6 13. b4 a5 14. Bd2 axb4 15. axb4 Qe7 16. b5 cxb5 17. Bxb5 Bb7 18. Bd3 Bc6 19. Nb6 Rxa1 20. Rxa1 Bb4 21. Nc4 Bxd2 22. Nxd2 Ra8 23. Rxa8+ Bxa8 24. Qd1 Qb4 25. f3 Bc6 26. Nb1 Nd7 27. Qc1 Nc5 28. Kf2 Nxd3+ 29. cxd3 Bb5 30. Ke2 Qb3 31. Qd1 Qxd1+ 32. Kxd1 Bxd3 33. Nd2 Kf8 34. g3 Ke7 35. Nb3 Kd6 36. Kd2 Ba6 37. f4 f6 38. h4 g5 39. hxg5 hxg5 40. f5 Kc6 41. Kc2 Kb5 42. Nd2 Kb4 43. Kd1 Kc3 44. Nf3 Kd3 45. Nh2 Kxe4 46. Ng4 Kxf5 47. Nh6+ Ke4 0-1

[Event "BL2 West 1112 (Women)"]
[Site "Germany"]
[Date "2011.11.27"]
[Round "4.4"]
[White "Puke, Carolin"]
[Black "Franzenburg, Maria"]
[Result "0-1"]
[WhiteElo "1841"]
[BlackElo "1866"]
[PlyCount "100"]
[EventDate "2011.10.29"]
[EventType "team-tourn"]
[EventRounds "7"]
[EventCountry "GER"]
[SourceTitle "EXT 2013"]
[Source "ChessBase"]
[SourceDate "2012.11.22"]
[SourceVersion "1"]
[SourceVersionDate "2012.11.22"]
[SourceQuality "1"]
[WhiteTeam "Steinfurt (W)"]
[BlackTeam "Kiel Doppelbauer (W)"]
[WhiteTeamCountry "GER"]
[BlackTeamCountry "GER"]

1. e4 e6 2. d4 d5 3. exd5 exd5 4. Nf3 Nf6 5. Be2 Bd6 6. 0-0 0-0 7. Bg5 c6 8. Nbd2 Bf5 9. Nh4 Be6 10. Bd3 h6 11. Be3 Bxh2+ 12. Kh1 Bc7 13. Nf5 Bxf5 14. Bxf5 Qd6 15. f4 Nbd7 16. Qf3 Rfe8 17. Rae1 Nf8 18. Qh3 Ne4 19. Nxe4 dxe4 20. c3 g6 21. Bg4 f5 22. Bd1 h5 23. Qg3 Kh7 24. Kh2 Nd7 25. Rh1 Nf6 26. Kg1 Qf8 27. Qh3 Qh6 28. g3 Rh8 29. Qg2 Rae8 30. Qc2 Bb6 31. Kg2 Kg8 32. Qb3+ Kf8 33. Qa3+ Re7 34. Qd6 Qg7 35. Qa3 Ke8 36. c4 a6 37. c5 Bc7 38. Ba4 Kf8 39. Bd1 Nd5 40. Bg1 Qf6 41. Bb3 Reh7 42. Bxd5 cxd5 43. Rc1 Qc6 44. Be3 h4 45. gxh4 Rxh4 46. Rxh4 Rxh4 47. Rf1 Rg4+ 48. Kf2 Bxf4 49. Bxf4 Rxf4+ 50. Ke2 Qb5+ 0-1

[Event "Steinfurt Bezirksliga 1011"]
[Site "Germany"]
[Date "2010.11.06"]
[Round "2.5"]
[White "Ottens, Josef"]
[Black "Puke, Carolin"]
[Result "1-0"]
[WhiteElo "1417"]
[BlackElo "1619"]
[PlyCount "129"]
[EventDate "2010.10.02"]
[EventType "team-tourn"]
[EventRounds "9"]
[EventCountry "GER"]
[SourceTitle "EXT 2012"]
[Source "ChessBase"]
[SourceDate "2011.11.24"]
[SourceVersion "1"]
[SourceVersionDate "2011.11.24"]
[SourceQuality "1"]
[WhiteTeam "Steinfurt III"]
[BlackTeam "Steinfurt II"]
[WhiteTeamCountry "GER"]
[BlackTeamCountry "GER"]

1. d4 d5 2. e3 Bf5 3. f4 Nf6 4. Nf3 e6 5. c3 Nbd7 6. Bb5 c6 7. Bd3 Bxd3 8. Qxd3 Ne4 9. Nbd2 Ndf6 10. 0-0 Be7 11. g3 0-0 12. Ne5 Nxd2 13. Bxd2 Ne4 14. Be1 f6 15. Nf3 c5 16. Nd2 c4 17. Qc2 Nd6 18. e4 Qb6 19. Kh1 Qc6 20. e5 fxe5 21. dxe5 Nf5 22. Bf2 d4+ 23. Qe4 Qxe4+ 24. Nxe4 d3 25. Nd2 b5 26. a4 a6 27. Rfe1 g6 28. Re4 Rac8 29. axb5 axb5 30. Ra5 Bc5 31. Kg2 Bxf2 32. Kxf2 Rc5 33. Ra6 Re8 34. Ra5 Kf7 35. Ra7+ Re7 36. Ra5 Rd7 37. g4 Ne7 38. Re1 Nc6 39. Ra6 Ne7 40. Ne4 Rc6 41. Rxc6 Nxc6 42. Nd6+ Ke7 43. Rb1 Na7 44. Ke3 Rd8 45. Kd2 h6 46. b3 Rf8 47. bxc4 Rxf4 48. cxb5 Rf2+ 49. Kxd3 Rxh2 50. b6 Nc6 51. b7 Nxe5+ 52. Kd4 Nc6+ 53. Kc5 Nb8 54. Nc8+ Kd7 55. Nb6+ Kc7 56. Na8+ Kd7 57. Rd1+ Ke7 58. Kb6 Rb2+ 59. Kc7 Na6+ 60. Kc8 e5 61. Rd7+ Ke6 62. Rc7 Nxc7 63. Nxc7+ Kd6 64. c4 Kc5 65. Nb5 1-0

[Event "Steinfurt Bezirksliga 0910"]
[Site "Germany"]
[Date "2009.10.31"]
[Round "2.7"]
[White "Puke, Carolin"]
[Black "Sperling, Rainer"]
[Result "1-0"]
[WhiteElo "1543"]
[BlackElo "1501"]
[PlyCount "49"]
[EventDate "2009.09.12"]
[EventType "team-tourn"]
[EventRounds "9"]
[EventCountry "GER"]
[SourceTitle "EXT 2011"]
[Source "ChessBase"]
[SourceDate "2010.11.26"]
[SourceVersion "1"]
[SourceVersionDate "2010.11.26"]
[SourceQuality "1"]
[WhiteTeam "Steinfurt II"]
[BlackTeam "Reckenfeld II"]
[WhiteTeamCountry "GER"]
[BlackTeamCountry "GER"]

1. e4 e5 2. Nf3 Nc6 3. Bb5 d6 4. Bxc6+ bxc6 5. h3 Nf6 6. Nc3 Be7 7. 0-0 0-0 8. Re1 h6 9. d4 exd4 10. Nxd4 c5 11. Nc6 Qd7 12. Nxe7+ Qxe7 13. Bf4 Be6 14. e5 Ne8 15. Qf3 Rb8 16. b3 f6 17. exd6 cxd6 18. Qg3 Kh8 19. Rad1 Rd8 20. Nb5 d5 21. Qe3 Qd7 22. Qxe6 Qxb5 23. Qe7 Nd6 24. Bxd6 Rfe8 25. Qc7 1-0

[Event "Steinfurt Bezirksliga 0809"]
[Site "Germany"]
[Date "2009.05.09"]
[Round "9.7"]
[White "Puke, Carolin"]
[Black "Koesters, Michael"]
[Result "1-0"]
[WhiteElo "1559"]
[BlackElo "1568"]
[PlyCount "71"]
[EventDate "2008.09.27"]
[EventType "team-tourn"]
[EventRounds "9"]
[EventCountry "GER"]
[SourceTitle "EXT 2010"]
[Source "ChessBase"]
[SourceDate "2010.11.25"]
[SourceVersion "1"]
[SourceVersionDate "2010.11.25"]
[SourceQuality "1"]
[WhiteTeam "Steinfurt II"]
[BlackTeam "Rheine Klein Berlin II"]
[WhiteTeamCountry "GER"]
[BlackTeamCountry "GER"]

1. e4 c5 2. Nf3 d6 3. Nc3 Nc6 4. h3 Nf6 5. Bb5 Bd7 6. 0-0 a6 7. Bc4 e6 8. Re1 b5 9. Bf1 b4 10. Nb1 Be7 11. e5 Nxe5 12. Nxe5 dxe5 13. Rxe5 Bd6 14. Re1 Bc6 15. d3 h6 16. Nd2 Qc7 17. Nc4 Bh2+ 18. Kh1 0-0-0 19. Be3 Rd5 20. f4 Bg3 21. Re2 Rh5 22. Kg1 Bxf4 23. Bxf4 Qxf4 24. Rf2 Qd4 25. Be2 Rg5 26. Bf3 Bxf3 27. Qxf3 Kc7 28. Na5 Rd5 29. Qg3+ Rd6 30. Nc4 Ne8 31. Nxd6 Nxd6 32. Kh2 Kd7 33. Rb1 Nf5 34. Qf3 Qe5+ 35. Kg1 Qd5 36. Qxd5+ 1-0

[Event "BL2 West 0708 (Women)"]
[Site "Germany"]
[Date "2007.12.02"]
[Round "4.6"]
[White "Kretzer, Erika"]
[Black "Puke, Carolin"]
[Result "0-1"]
[WhiteElo "753"]
[BlackElo "1539"]
[PlyCount "32"]
[EventDate "2007.11.10"]
[EventType "team-tourn"]
[EventRounds "7"]
[EventCountry "GER"]
[SourceTitle "EXT 2009"]
[Source "ChessBase"]
[SourceDate "2008.11.26"]
[SourceVersion "1"]
[SourceVersionDate "2008.11.26"]
[SourceQuality "1"]
[WhiteTeam "Krefeld (W)"]
[BlackTeam "Steinfurt (W)"]
[WhiteTeamCountry "GER"]
[BlackTeamCountry "GER"]

1. e4 e5 2. Nf3 d6 3. Bc4 Be7 4. 0-0 Nf6 5. d3 0-0 6. Be3 Nc6 7. Nbd2 Ng4 8. Bg5 Bxg5 9. Nxg5 Qxg5 10. Nf3 Qh5 11. h4 Nd4 12. g3 Qg6 13. c3 Nxf3+ 14. Qxf3 Nh6 15. h5 Qg5 16. Rfd1 Bg4 0-1